[Event "Portugal Open 2018"]
[Site "Lisboa POR"]
[Date "2018.02.03"]
[Round "2.54"]
[White "Borsos, Bogdan"]
[Black "Cabello Aguilar, Enrique"]
[Result "1/2-1/2"]
[WhiteElo "2301"]
[BlackElo "2015"]
[WhiteFideId "14100568"]
[BlackFideId "2231115"]
[WhiteTitle "IM"]
[WhiteCountry "UKR"]
[BlackCountry "ESP"]
[PlyCount "120"]
[EventDate "2018.??.??"]

1. Nf3 Nf6 2. c4 g6 3. b3 Bg7 4. Bb2 c5 5. g3 Nc6 6. Bg2 O-O 7. O-O d6 8. d4
cxd4 9. Nxd4 Bd7 10. Nc3 Nxd4 11. Qxd4 Bc6 12. Nd5 Nh5 13. Qd2 e6 14. Bxg7 Nxg7
15. Nf4 Bxg2 16. Nxg2 Qe7 17. Rad1 Rfd8 18. e4 b6 19. Rfe1 Ne8 20. h4 h5 21. Re3
a5 22. a4 Rdc8 23. Nf4 Rc6 24. Rd3 Nf6 25. f3 Ne8 26. Ne2 Rc5 27. Kf2 f6 28. Nc3
Rd8 29. Nb5 Rc6 30. Qh6 Qf7 31. Qd2 Qe7 32. Kg2 Kg7 33. Qb2 Kh7 34. R1d2 Nc7 35.
Nxc7 Rxc7 36. Qa1 Rc6 37. Qd1 Kg7 38. Kh2 Qc7 39. Re2 Rc5 40. Red2 Rc6 41. f4 e5
42. fxe5 fxe5 43. Rd5 Qe7 44. R2d3 Qe6 45. Qd2 Qe7 46. Qg5 Qf6 47. Qd2 Rf8 48.
Rxd6 Qf1 49. Rd7+ Kg8 50. Rd8 Rcf6 51. Rxf8+ Rxf8 52. Rd8 Rxd8 53. Qxd8+ Kg7 54.
Qd7+ Kh6 55. Qd2+ Kg7 56. Qe3 Kh7 57. Qd2 Qf3 58. Qd7+ Kh6 59. Qd2+ Kh7 60. Qd7+
Kh6 1/2-1/2

[Event "Portugal Open 2018"]
[Site "Lisboa POR"]
[Date "2018.02.03"]
[Round "2.55"]
[White "Pérez Bolanos, Joel"]
[Black "Sterck, Arno"]
[Result "0-1"]
[WhiteElo "1628"]
[BlackElo "2295"]
[WhiteFideId "24564419"]
[BlackFideId "228249"]
[BlackTitle "FM"]
[WhiteCountry "ESP"]
[BlackCountry "BEL"]
[PlyCount "54"]
[EventDate "2018.??.??"]

1. e4 e5 2. Nf3 Nc6 3. Bc4 Nf6 4. d3 Be7 5. c3 d6 6. O-O O-O 7. Nbd2 Na5 8. Bb5
a6 9. Ba4 b5 10. Bc2 c5 11. Re1 h6 12. Nf1 Be6 13. Ng3 Nc6 14. h3 Re8 15. Nh2 d5
16. Be3 d4 17. cxd4 cxd4 18. Bd2 Rc8 19. f4 exf4 20. Bxf4 Nd7 21. Ng4 Bg5 22.
Nh5 g6 23. Bxg5 Qxg5 24. Ng3 h5 25. Nxh5 gxh5 26. Nf2 Nde5 27. Rc1 Nb4 0-1

[Event "Portugal Open 2018"]
[Site "Lisboa POR"]
[Date "2018.02.03"]
[Round "2.56"]
[White "Terbe, Julianna"]
[Black "Chaerle, Josse"]
[Result "1-0"]
[WhiteElo "2292"]
[BlackElo "2011"]
[WhiteFideId "708780"]
[BlackFideId "229920"]
[WhiteTitle "WIM"]
[WhiteCountry "HUN"]
[BlackCountry "BEL"]
[PlyCount "133"]
[EventDate "2018.??.??"]

1. Nf3 d5 2. d4 e6 3. Bf4 Nf6 4. e3 c5 5. c3 Nc6 6. Nbd2 Be7 7. h3 h6 8. Bd3 a6
9. a4 b6 10. O-O O-O 11. Qe2 cxd4 12. exd4 Bb7 13. Rfe1 Re8 14. Ne5 Bf8 15. Nxc6
Bxc6 16. Bxa6 Be7 17. b3 Ra7 18. Bd3 Bd6 19. Bxd6 Qxd6 20. Nf3 b5 21. Bxb5 Bxb5
22. Qxb5 Rb8 23. Qd3 Rxb3 24. Reb1 Qb8 25. Rxb3 Qxb3 26. Nd2 Qb8 27. a5 Ne8 28.
Rb1 Qa8 29. Nb3 Nd6 30. Qg3 Ne4 31. Qe3 Qc8 32. Ra1 Qxc3 33. Qxc3 Nxc3 34. Kf1
Kf8 35. Rc1 Nb5 36. Rc8+ Ke7 37. Ke2 Nd6 38. Rb8 Nc4 39. Rb5 Nd6 40. Rb4 Nc4 41.
Ra4 Ra6 42. Ra1 f6 43. Kd3 e5 44. Kc3 Ra8 45. a6 Kd6 46. Nc5 exd4+ 47. Kxd4 Ne5
48. Nb7+ Kc6 49. Rc1+ Kb6 50. Kxd5 Rxa6 51. Nd6 Ra2 52. Rb1+ Kc7 53. Rb7+ Kd8
54. Rxg7 Rxf2 55. Ke6 Rd2 56. Rg8+ Kc7 57. Ne8+ Kc6 58. Nxf6 Nd3 59. g3 Re2+ 60.
Kf7 Re3 61. Nh5 Nf2 62. Rg6+ Kc7 63. h4 Re4 64. Nf6 Rd4 65. Rxh6 Ng4 66. Nxg4
Rxg4 67. Rg6 1-0

[Event "Portugal Open 2018"]
[Site "Lisboa POR"]
[Date "2018.02.03"]
[Round "2.57"]
[White "Antunes, André"]
[Black "Rego, Pedro"]
[Result "0-1"]
[WhiteElo "1459"]
[BlackElo "2292"]
[WhiteFideId "1936328"]
[BlackFideId "1904310"]
[BlackTitle "CM"]
[WhiteCountry "POR"]
[BlackCountry "POR"]
[PlyCount "78"]
[EventDate "2018.??.??"]

1. b3 e5 2. Bb2 Nc6 3. c4 Nf6 4. e3 Be7 5. Be2 O-O 6. a3 d5 7. cxd5 Nxd5 8. Nf3
e4 9. Ne5 Nxe5 10. Bxe5 Bf6 11. Bc3 Nxc3 12. Nxc3 Bxc3 13. dxc3 Qg5 14. g3 Bh3
15. Rg1 Rad8 16. Qc2 Qe5 17. Rd1 Rfe8 18. Rd4 c5 19. Rd2 Be6 20. h4 a6 21. a4
Rxd2 22. Kxd2 Qd5+ 23. Kc1 Qxb3 24. Qxb3 Bxb3 25. a5 Kf8 26. Kb2 Ba4 27. Ra1 Bc6
28. Bg4 Bb5 29. Rd1 Bd3 30. Bf5 g6 31. Bh3 c4 32. Rd2 Re5 33. Bg2 Rxa5 34. f3
Rb5+ 35. Ka2 exf3 36. Bxf3 Rf5 37. Bg2 Re5 38. g4 b5 39. Bb7 a5 0-1

[Event "Portugal Open 2018"]
[Site "Lisboa POR"]
[Date "2018.02.03"]
[Round "2.58"]
[White "Silva, David"]
[Black "Oliveira, Marco"]
[Result "1-0"]
[WhiteElo "2283"]
[BlackElo "2008"]
[WhiteFideId "10101314"]
[BlackFideId "1901583"]
[WhiteTitle "IM"]
[WhiteCountry "ANG"]
[BlackCountry "POR"]
[PlyCount "63"]
[EventDate "2018.??.??"]

1. e4 Nf6 2. Nc3 d5 3. e5 d4 4. exf6 dxc3 5. fxg7 cxd2+ 6. Bxd2 Bxg7 7. c3 c6 8.
Qf3 Qd5 9. Qxd5 cxd5 10. Ne2 e5 11. Ng3 Nc6 12. O-O-O f5 13. Nh5 O-O 14. Nxg7
Kxg7 15. f4 e4 16. Be3 Be6 17. Bb5 Kf7 18. b3 a6 19. Be2 Rg8 20. g4 Rad8 21. Bb6
Rd7 22. gxf5 Bxf5 23. Bh5+ Ke6 24. Rd2 Bg4 25. Rg1 Bxh5 26. Rxg8 Bg6 27. Rf8 Ke7
28. Bc5+ Ke6 29. h4 Rf7 30. Rxf7 Bxf7 31. Rg2 Bg6 32. Rg5 1-0

[Event "Portugal Open 2018"]
[Site "Lisboa POR"]
[Date "2018.02.03"]
[Round "2.59"]
[White "Voges, Guilherme"]
[Black "Balbuena Fuentes, Mario"]
[Result "0-1"]
[WhiteElo "1384"]
[BlackElo "2282"]
[WhiteFideId "1947680"]
[BlackFideId "32017880"]
[BlackTitle "FM"]
[WhiteCountry "POR"]
[BlackCountry "ESP"]
[PlyCount "48"]
[EventDate "2018.??.??"]

1. e4 Nf6 2. Nc3 d5 3. e5 Nfd7 4. d4 e6 5. Be3 c5 6. Nf3 cxd4 7. Bxd4 Nc6 8. Bb5
a6 9. Ba4 Qc7 10. O-O Be7 11. Re1 O-O 12. a3 f6 13. exf6 Nxf6 14. Bxc6 bxc6 15.
Ng5 Bd6 16. Nf3 c5 17. Be5 Bb7 18. Bxd6 Qxd6 19. Ng5 e5 20. Nf3 Rae8 21. Qd2 d4
22. Ng5 e4 23. f3 e3 24. Qd3 Qe5 0-1

[Event "Portugal Open 2018"]
[Site "Lisboa POR"]
[Date "2018.02.03"]
[Round "2.60"]
[White "Ding, Tze How Dilwen"]
[Black "Rodriguez Bernal, Herman"]
[Result "1-0"]
[WhiteElo "2306"]
[BlackElo "1730"]
[WhiteFideId "5707641"]
[BlackFideId "22266186"]
[WhiteTitle "FM"]
[WhiteCountry "MAS"]
[PlyCount "107"]
[EventDate "2018.??.??"]

1. d4 g6 2. c4 Nf6 3. Nf3 d6 4. g3 Bg7 5. Bg2 O-O 6. O-O c5 7. Nc3 cxd4 8. Nxd4
Qb6 9. Nc2 Bd7 10. Rb1 Ng4 11. Nd5 Qd8 12. Bg5 f6 13. Bd2 Nc6 14. Bc3 Nge5 15.
b3 e6 16. Nde3 Nf7 17. b4 Rc8 18. b5 Na5 19. Bxa5 Qxa5 20. Bxb7 Rc7 21. Bg2 Qxa2
22. Nb4 Qa5 23. Bc6 Bxc6 24. Nxc6 Qa3 25. Nc2 Qc5 26. Qd4 f5 27. Qxc5 dxc5 28.
Rfd1 Bf6 29. Rb3 Nd8 30. Na5 Nb7 31. Nxb7 Rxb7 32. Rd6 Rb6 33. Rbd3 Rf7 34. Rxb6
axb6 35. Rd6 Rb7 36. Rxe6 Kf7 37. Rc6 Bd8 38. Ne3 Ke7 39. Nd5+ Kd7 40. h4 Ra7
41. Nxb6+ Bxb6 42. Rxb6 Ra4 43. Rb7+ Kc8 44. Rxh7 Rxc4 45. Rg7 Rb4 46. Rxg6 Rxb5
47. h5 Kd7 48. h6 Rb8 49. h7 Rh8 50. Rh6 c4 51. Kf1 c3 52. Ke1 c2 53. Kd2 Rc8
54. Kc1 1-0

[Event "Portugal Open 2018"]
[Site "Lisboa POR"]
[Date "2018.02.03"]
[Round "2.61"]
[White "Ferreira, Hugo"]
[Black "Mendes, Alberto"]
[Result "1-0"]
[WhiteElo "2158"]
[BlackElo "1672"]
[WhiteFideId "1915940"]
[BlackFideId "1901699"]
[WhiteCountry "POR"]
[BlackCountry "POR"]
[PlyCount "63"]
[EventDate "2018.??.??"]

1. e4 e5 2. Nf3 Nc6 3. Nc3 d6 4. d4 exd4 5. Nxd4 Bd7 6. Be3 Be7 7. Be2 Nxd4 8.
Qxd4 Bf6 9. Qd3 Ne7 10. f4 a6 11. O-O-O Nc6 12. Nd5 Be7 13. g4 Be6 14. g5 Qc8
15. Nxe7 Kxe7 16. f5 Ne5 17. Qc3 Bd7 18. Bd4 f6 19. gxf6+ gxf6 20. Bxe5 dxe5 21.
Rhg1 Qf8 22. Qxc7 Rd8 23. Bh5 Qh6+ 24. Kb1 Qxh5 25. Rxd7+ Rxd7 26. Rg7+ Kf8 27.
Qxd7 Qe8 28. Qxe8+ Kxe8 29. Rxb7 Rg8 30. Rb8+ Kf7 31. Rxg8 Kxg8 32. c4 1-0

[Event "Portugal Open 2018"]
[Site "Lisboa POR"]
[Date "2018.02.03"]
[Round "2.62"]
[White "Martins, Bruno"]
[Black "Lopes, José Cidreiro"]
[Result "1-0"]
[WhiteElo "2137"]
[BlackElo "1600"]
[WhiteFideId "1942255"]
[BlackFideId "1904841"]
[WhiteCountry "POR"]
[BlackCountry "POR"]
[PlyCount "29"]
[EventDate "2018.??.??"]

1. e4 c5 2. Nf3 g6 3. d4 cxd4 4. Nxd4 Bg7 5. Nc3 Nc6 6. Be3 d6 7. Qd2 Nf6 8. f3
O-O 9. O-O-O Ne5 10. Bh6 Nh5 11. Be2 Be6 12. g4 Bxh6 13. Qxh6 Ng7 14. h4 f6 15.
Qxg7+ 1-0

[Event "Portugal Open 2018"]
[Site "Lisboa POR"]
[Date "2018.02.03"]
[Round "2.63"]
[White "Carneiro, Carlos"]
[Black "Lages, Duarte"]
[Result "1-0"]
[WhiteElo "2130"]
[BlackElo "1569"]
[WhiteFideId "1900170"]
[BlackFideId "2161680"]
[WhiteTitle "NM"]
[WhiteCountry "POR"]
[BlackCountry "BRA"]
[PlyCount "35"]
[EventDate "2018.??.??"]

1. d4 Nf6 2. c4 g6 3. Nc3 d5 4. Bf4 Bg7 5. e3 O-O 6. Nf3 c5 7. dxc5 Qa5 8. Nd2
Qxc5 9. Nb3 Qb4 10. a3 Qb6 11. cxd5 Bf5 12. Be2 Nbd7 13. O-O Rac8 14. g4 e5 15.
Bg3 Bxg4 16. Bxg4 Nxg4 17. Qxg4 Nf6 18. Qb4 1-0

[Event "Portugal Open 2018"]
[Site "Lisboa POR"]
[Date "2018.02.03"]
[Round "2.64"]
[White "Machado, Tiago"]
[Black "Santos, José Gulherme"]
[Result "0-1"]
[WhiteElo "1491"]
[BlackElo "2098"]
[WhiteFideId "1953699"]
[BlackFideId "1939300"]
[WhiteCountry "POR"]
[BlackCountry "POR"]
[PlyCount "54"]
[EventDate "2018.??.??"]

1. e4 c5 2. Nf3 Nc6 3. d4 cxd4 4. Nxd4 Nf6 5. Nc3 d6 6. Bc4 e6 7. Be3 Be7 8. O-O
O-O 9. h3 a6 10. Qe2 Qc7 11. a3 Bd7 12. Rad1 Rac8 13. Bb3 Nxd4 14. Bxd4 Bc6 15.
e5 dxe5 16. Bxe5 Qa5 17. Bg3 Rfe8 18. Rd2 Qg5 19. Rfd1 h5 20. Qe5 Qg6 21. Rd4 h4
22. Rxh4 Nd7 23. Qh5 Bxh4 24. Qxh4 Nf6 25. Ne2 Qe4 26. Nf4 e5 27. f3 Qe3+ 0-1

[Event "Portugal Open 2018"]
[Site "Lisboa POR"]
[Date "2018.02.03"]
[Round "2.65"]
[White "Pires, Emanuel"]
[Black "Correia, Pedro Mourão"]
[Result "1-0"]
[WhiteElo "2068"]
[BlackElo "1520"]
[WhiteFideId "1914715"]
[BlackFideId "1959522"]
[WhiteCountry "POR"]
[BlackCountry "POR"]
[PlyCount "47"]
[EventDate "2018.??.??"]

1. e4 c6 2. Bc4 d5 3. Bb3 e5 4. Nf3 Bg4 5. O-O Nf6 6. exd5 cxd5 7. Re1 e4 8. d3
Be7 9. dxe4 Bxf3 10. Qxf3 dxe4 11. Qf4 O-O 12. Nd2 Bd6 13. Qh4 Qd7 14. Nxe4 Nxe4
15. Qxe4 Nc6 16. Be3 Qc7 17. Qh4 Ne7 18. c3 Ng6 19. Qh5 a6 20. Rad1 Rae8 21. g3
Ne5 22. Bf4 g6 23. Qe2 Kg7 24. Rxd6 1-0

[Event "Portugal Open 2018"]
[Site "Lisboa POR"]
[Date "2018.02.03"]
[Round "2.66"]
[White "Marques, Rui"]
[Black "Gonçalves, Samuel"]
[Result "1/2-1/2"]
[WhiteElo "1876"]
[BlackElo "1469"]
[WhiteFideId "1903390"]
[BlackFideId "1945130"]
[WhiteCountry "POR"]
[BlackCountry "POR"]
[PlyCount "57"]
[EventDate "2018.??.??"]

1. e4 Nf6 2. e5 Nd5 3. d4 d6 4. Nf3 Bg4 5. Be2 e6 6. h3 Bh5 7. O-O Be7 8. c4 Nb6
9. exd6 cxd6 10. Nc3 O-O 11. Be3 Nc6 12. d5 Bxf3 13. Bxf3 Ne5 14. b3 Nxf3+ 15.
Qxf3 e5 16. Qe2 Nd7 17. Rab1 a6 18. Rfc1 Bg5 19. Qd2 Bxe3 20. Qxe3 Qb6 21. Qxb6
Nxb6 22. Ne4 Rfd8 23. a4 h6 24. a5 Nc8 25. c5 dxc5 26. Rxc5 b6 27. axb6 Nxb6 28.
Rd1 a5 29. g4 1/2-1/2

[Event "Portugal Open 2018"]
[Site "Lisboa POR"]
[Date "2018.02.03"]
[Round "2.67"]
[White "Marques, Afonso"]
[Black "Dahlgren, James Allen"]
[Result "1-0"]
[WhiteElo "1399"]
[BlackElo "1809"]
[WhiteFideId "1947184"]
[BlackFideId "22256873"]
[WhiteCountry "POR"]
[BlackCountry "ESP"]
[PlyCount "54"]
[EventDate "2018.??.??"]

1. e4 c5 2. Nf3 g6 3. d4 cxd4 4. Nxd4 Nc6 5. Nc3 Bg7 6. Be3 Nf6 7. Bc4 Qa5 8.
O-O Qb4 9. Bb3 Nxe4 10. Nxc6 bxc6 11. a3 Nxc3 12. Qf3 Ne2+ 13. Kh1 Qh4 14. Qxf7+
Kd8 15. Qxg7 Re8 16. Bf7 d6 17. Bxe8 Kxe8 18. Rae1 Bh3 19. gxh3 Qxh3 20. Qg8+
Kd7 21. Qf7 Qg4 22. f3 Qh3 23. Bf4 g5 24. Rf2 gxf4 25. Rfxe2 Re8 26. Qxf4 Rg8
27. Qe4 Rg7 1-0

[Event "Portugal Open 2018"]
[Site "Lisboa POR"]
[Date "2018.02.03"]
[Round "2.68"]
[White "Encarnação, Filipe"]
[Black "Simões, Miguel"]
[Result "0-1"]
[WhiteElo "1398"]
[BlackElo "1794"]
[WhiteFideId "1942018"]
[BlackFideId "1946307"]
[WhiteCountry "POR"]
[BlackCountry "POR"]
[PlyCount "54"]
[EventDate "2018.??.??"]

1. e4 e5 2. Nf3 Nc6 3. Bb5 a6 4. Ba4 Nf6 5. O-O b5 6. Bb3 Be7 7. Re1 O-O 8. c3
d6 9. d3 Bg4 10. Nbd2 Na5 11. Bc2 c5 12. Nf1 Qc7 13. Ng3 Rac8 14. h3 Bd7 15. a4
b4 16. c4 Nc6 17. Nh2 Nd4 18. f4 Kh8 19. b3 Qd8 20. Nf3 Nxf3+ 21. Qxf3 Ne8 22.
Rf1 Nc7 23. fxe5 dxe5 24. Nf5 Bxf5 25. Qxf5 Qd4+ 26. Be3 Qxe3+ 27. Kh1 Qd4 0-1

[Event "Portugal Open 2018"]
[Site "Lisboa POR"]
[Date "2018.02.03"]
[Round "2.69"]
[White "Calzada Cruz, Osvaldo"]
[Black "Dias, Ricardo"]
[Result "0-1"]
[WhiteElo "1745"]
[BlackElo "2162"]
[WhiteFideId "3509460"]
[BlackFideId "1930060"]
[WhiteCountry "CUB"]
[BlackCountry "POR"]
[PlyCount "76"]
[EventDate "2018.??.??"]

1. e4 e5 2. Nf3 Nc6 3. Bb5 a6 4. Bxc6 dxc6 5. Nc3 f6 6. d3 Bg4 7. Be3 c5 8. Qd2
Bd6 9. h3 Be6 10. Nh2 g5 11. a4 b6 12. a5 b5 13. Nd5 Bxd5 14. exd5 Ne7 15. c4 b4
16. Qe2 h5 17. Qf3 Rh6 18. h4 g4 19. Qe2 Rg6 20. f3 Nf5 21. fxg4 Ng3 22. Qf3
Nxh1 23. O-O-O Qd7 24. Rxh1 hxg4 25. Qd1 O-O-O 26. Nf1 f5 27. Bg5 Be7 28. Ne3
Bxg5 29. hxg5 Rxg5 30. Rh6 Kb7 31. d6 cxd6 32. Qh1 f4 33. Nd5 f3 34. gxf3 g3 35.
Qg2 Kb8 36. Nb6 Qf5 37. Rh4 Rh5 38. f4 d5 0-1

[Event "Portugal Open 2018"]
[Site "Lisboa POR"]
[Date "2018.02.03"]
[Round "2.70"]
[White "Santos, Isabel P"]
[Black "Lazarevic, Dusan"]
[Result "0-1"]
[WhiteElo "1739"]
[BlackElo "1983"]
[WhiteFideId "1921681"]
[BlackFideId "978523"]
[WhiteCountry "POR"]
[BlackCountry "SRB"]
[PlyCount "114"]
[EventDate "2018.??.??"]

1. d4 g6 2. c4 Bg7 3. Nc3 c5 4. Nf3 cxd4 5. Nxd4 Nf6 6. e4 d6 7. Be2 O-O 8. O-O
Nc6 9. Nxc6 bxc6 10. Be3 h5 11. Rc1 Ng4 12. Bg5 Rb8 13. Qd2 f6 14. Bxg4 hxg4 15.
Be3 Qa5 16. a3 Be6 17. Rfd1 Rb3 18. Ne2 Qxd2 19. Rxd2 c5 20. Nf4 Bf7 21. Kf1
Rfb8 22. Rcc2 f5 23. exf5 gxf5 24. Nd3 Be8 25. Ke2 Ba4 26. Bf4 Rxd3 27. Kxd3
Bxc2+ 28. Rxc2 Rxb2 29. Rxb2 Bxb2 30. a4 Kf7 31. h4 gxh3 32. gxh3 Bf6 33. Bd2
Kg6 34. Ke2 Kh5 35. Kf3 Kh4 36. Kg2 e6 37. f4 d5 38. Be1+ Kh5 39. cxd5 exd5 40.
Kf3 Bh4 41. Bd2 Kg6 42. Ke3 Kf6 43. Ba5 Ke6 44. Kd3 Bf6 45. Be1 c4+ 46. Kc2 d4
47. h4 Kd5 48. h5 Ke4 49. h6 Kxf4 50. Bd2+ Ke4 51. h7 f4 52. Kd1 f3 53. Ke1 c3
54. Bg5 Bh8 55. Bh4 d3 56. a5 d2+ 57. Kd1 Kd3 0-1

[Event "Portugal Open 2018"]
[Site "Lisboa POR"]
[Date "2018.02.03"]
[Round "2.71"]
[White "Staufenberger, Bernd"]
[Black "Santos, José Duarte"]
[Result "1-0"]
[WhiteElo "1981"]
[BlackElo "1744"]
[WhiteFideId "4682505"]
[BlackFideId "1902318"]
[WhiteCountry "GER"]
[BlackCountry "POR"]
[PlyCount "91"]
[EventDate "2018.??.??"]

1. e4 Nf6 2. Nc3 d5 3. e5 Nfd7 4. d4 e6 5. Nce2 c5 6. c3 Nc6 7. f4 cxd4 8. cxd4
Bb4+ 9. Nc3 Qa5 10. Qd3 Nb6 11. Nf3 Bd7 12. Be2 Na4 13. O-O Bxc3 14. bxc3 Qxc3
15. Ba3 a6 16. Rfc1 Qxd3 17. Bxd3 f6 18. Rc2 Kf7 19. Rac1 h6 20. g4 Rhc8 21.
exf6 gxf6 22. Kf2 Ne7 23. Rc7 Nb6 24. Rxb7 Rxc1 25. Bxc1 Rc8 26. Bd2 Rc6 27.
Bxa6 Bc8 28. Ra7 Rc2 29. Bd3 Rb2 30. Kg3 Nc4 31. Bc3 Rb7 32. Rxb7 Bxb7 33. h4
Bc8 34. h5 Ne3 35. Bd2 Nd1 36. a4 Nb2 37. Bb5 Bb7 38. a5 Nc8 39. Bb4 Na7 40. a6
Bc6 41. Bxc6 Nxc6 42. Bc5 e5 43. fxe5 Nd3 44. a7 Nxa7 45. Bxa7 fxe5 46. Nxe5+
1-0

[Event "Portugal Open 2018"]
[Site "Lisboa POR"]
[Date "2018.02.03"]
[Round "2.72"]
[White "Silva, Tiago Alexandre"]
[Black "Crespo Gavilán, Abel"]
[Result "0-1"]
[WhiteElo "1716"]
[BlackElo "1978"]
[WhiteFideId "1935321"]
[BlackFideId "2215470"]
[WhiteCountry "POR"]
[BlackCountry "ESP"]
[PlyCount "78"]
[EventDate "2018.??.??"]

1. e4 e6 2. d4 d5 3. Nd2 Nf6 4. e5 Nfd7 5. Bd3 c5 6. c3 Nc6 7. Ne2 cxd4 8. cxd4
f6 9. exf6 Nxf6 10. Nf3 Bd6 11. a3 Qc7 12. g3 O-O 13. O-O Nh5 14. Kg2 g6 15. Bh6
Rf6 16. Rc1 Bd7 17. Qc2 Re8 18. Bg5 Rf7 19. Nh4 Ng7 20. Nxg6 hxg6 21. Bxg6 Bc8
22. h4 Ref8 23. h5 Be7 24. Bxf7+ Rxf7 25. Be3 Nf5 26. b4 a6 27. Nf4 Qd8 28. Nh3
Bd7 29. Qd2 e5 30. dxe5 Nxe5 31. Bg5 d4 32. Bxe7 Bc6+ 33. Rxc6 Qd5+ 34. f3 Ne3+
35. Kh1 bxc6 36. h6 Rxf3 37. h7+ Kh8 38. Rg1 Rf1+ 39. Kh2 N5g4# 0-1

[Event "Portugal Open 2018"]
[Site "Lisboa POR"]
[Date "2018.02.03"]
[Round "2.73"]
[White "Eberlein, Johann"]
[Black "Vera Cruz, Aguinaldo"]
[Result "1-0"]
[WhiteElo "1978"]
[BlackElo "1729"]
[WhiteFideId "24623121"]
[BlackFideId "23600250"]
[WhiteCountry "GER"]
[BlackCountry "CPV"]
[PlyCount "67"]
[EventDate "2018.??.??"]

1. Nc3 d5 2. e4 dxe4 3. Nxe4 e5 4. Bc4 Nf6 5. Ng5 Nd5 6. Qf3 Be6 7. Nxe6 fxe6 8.
Qh5+ g6 9. Qxe5 Qf6 10. Qxf6 Nxf6 11. Bxe6 Nc6 12. Nf3 Bc5 13. O-O Rf8 14. c3
Nd8 15. Bb3 Nf7 16. d4 Bd6 17. Re1+ Kd7 18. Bd2 c6 19. Ne5+ Bxe5 20. dxe5 Nxe5
21. Rxe5 Ng4 22. Re2 Rfe8 23. Rxe8 Rxe8 24. Re1 Rxe1+ 25. Bxe1 Ne5 26. Kf1 Nd3
27. Ke2 Nf4+ 28. Kd1 Nxg2 29. Bd2 Nh4 30. Ke2 Nf5 31. Bg8 h6 32. Bh7 Ne7 33.
Bxh6 Ke8 34. Bg5 1-0

[Event "Portugal Open 2018"]
[Site "Lisboa POR"]
[Date "2018.02.03"]
[Round "2.74"]
[White "Monteiro, Sara"]
[Black "Morais, Vítor"]
[Result "1-0"]
[WhiteElo "1712"]
[BlackElo "1977"]
[WhiteFideId "1909860"]
[BlackFideId "1900552"]
[WhiteTitle "WCM"]
[BlackTitle "NM"]
[WhiteCountry "POR"]
[BlackCountry "POR"]
[PlyCount "117"]
[EventDate "2018.??.??"]

1. d4 d5 2. Nf3 Nc6 3. g3 Bg4 4. Bg2 Qd7 5. b3 f6 6. Bb2 Bh3 7. O-O h5 8. c4
Bxg2 9. Kxg2 O-O-O 10. cxd5 Qxd5 11. Nc3 Qa5 12. Rc1 e6 13. e4 h4 14. Nxh4 Nxd4
15. Ng6 Nc6 16. Qe2 Rh6 17. Nxf8 Rxf8 18. Qg4 Qh5 19. Qxe6+ Kb8 20. h4 f5 21.
Qc4 f4 22. Nd5 Qg4 23. Nxf4 Nge7 24. f3 Qc8 25. Bxg7 Rhh8 26. Bxh8 Rxh8 27. Qf7
a6 28. Ng6 Nxg6 29. Qxg6 Qf8 30. a4 Rg8 31. Qf5 Qd6 32. g4 Rf8 33. Qd5 Qh6 34.
Qg5 Qe6 35. b4 Qa2+ 36. Kg3 Qxa4 37. Qc5 Rd8 38. Rc4 Qa2 39. Rf2 Qb1 40. h5 Qg1+
41. Kf4 Rd6 42. e5 Re6 43. Re2 Qh1 44. Qf8+ Ka7 45. b5 Qd1 46. Re3 Qd5 47. Qc5+
Qxc5 48. Rxc5 axb5 49. Rxb5 Ne7 50. Ra3+ Kb8 51. Rba5 c6 52. g5 Kc7 53. g6 Nxg6+
54. hxg6 Rxg6 55. Kf5 Rg7 56. Kf6 Rh7 57. f4 Kb6 58. Ra8 c5 59. e6 1-0

[Event "Portugal Open 2018"]
[Site "Lisboa POR"]
[Date "2018.02.03"]
[Round "2.75"]
[White "Alshameary Puente, Daniel"]
[Black "Soares, Pedro Pita"]
[Result "1-0"]
[WhiteElo "1976"]
[BlackElo "1713"]
[WhiteFideId "22252096"]
[BlackFideId "1931725"]
[WhiteCountry "ESP"]
[BlackCountry "POR"]
[PlyCount "63"]
[EventDate "2018.??.??"]

1. d4 Nf6 2. c4 g6 3. g3 Bg7 4. Bg2 O-O 5. e4 d6 6. Nc3 c5 7. Nf3 Nc6 8. d5 Nb8
9. O-O e6 10. Re1 exd5 11. Nxd5 Nxd5 12. Qxd5 Nc6 13. Bf4 Be6 14. Qxd6 Qxd6 15.
Bxd6 Rfd8 16. e5 Bxc4 17. b3 Bd5 18. Rad1 Nd4 19. Nxd4 Bxg2 20. Kxg2 cxd4 21.
Rxd4 Rac8 22. Rc4 b5 23. Rxc8 Rxc8 24. Re2 Bf8 25. Kf3 Bxd6 26. exd6 Rd8 27. Rd2
f5 28. Kf4 Kf7 29. Ke5 a6 30. Kd5 Kf6 31. Kc6 Ke6 32. Re2+ 1-0

[Event "Portugal Open 2018"]
[Site "Lisboa POR"]
[Date "2018.02.03"]
[Round "2.76"]
[White "Fernandes, Tiago Saraiva"]
[Black "Billot, Daniel"]
[Result "1/2-1/2"]
[WhiteElo "1969"]
[BlackElo "1710"]
[WhiteFideId "1920928"]
[BlackFideId "618004"]
[WhiteCountry "POR"]
[BlackCountry "FRA"]
[PlyCount "71"]
[EventDate "2018.??.??"]

1. e4 d5 2. exd5 Qxd5 3. Nc3 Qd6 4. d4 Nf6 5. Nf3 c6 6. Bc4 Bg4 7. Be3 Nbd7 8.
h3 Bh5 9. g4 Bg6 10. Qe2 Ne4 11. Nxe4 Bxe4 12. Bxf7+ Kd8 13. O-O-O Qf6 14. Ne5
Bxh1 15. g5 Qf5 16. Bh5 Nxe5 17. dxe5+ Bd5 18. c4 e6 19. cxd5 cxd5 20. Rd3 Rc8+
21. Kb1 Bc5 22. a3 Bxe3 23. Qxe3 Ke7 24. f3 Rhf8 25. Bg4 Qf4 26. Qxa7 Qc1+ 27.
Ka2 Qc4+ 28. Rb3 Rc7 29. Qb6 Qc6 30. Qa5 Rf4 31. Rb6 Qc4+ 32. Ka1 Qc1+ 33. Ka2
Qc4+ 34. Ka1 Qc1+ 35. Ka2 Qc4+ 36. Ka1 1/2-1/2

[Event "Portugal Open 2018"]
[Site "Lisboa POR"]
[Date "2018.02.03"]
[Round "2.77"]
[White "Barrento, Jorge"]
[Black "Gratze, Michael"]
[Result "1-0"]
[WhiteElo "1700"]
[BlackElo "1968"]
[WhiteFideId "1906500"]
[BlackFideId "1613871"]
[WhiteCountry "POR"]
[BlackCountry "AUT"]
[PlyCount "135"]
[EventDate "2018.??.??"]

1. Nf3 Nf6 2. b3 g6 3. Bb2 Bg7 4. c4 O-O 5. e3 d6 6. d4 c5 7. Be2 b6 8. O-O Bb7
9. Nc3 Na6 10. a3 Qd7 11. Qc2 Rac8 12. d5 e6 13. e4 exd5 14. Nxd5 Nxd5 15. Bxg7
Kxg7 16. exd5 Qe7 17. Rfe1 Qf6 18. Rab1 Rfe8 19. Qb2 Qxb2 20. Rxb2 Re7 21. Rbb1
Nc7 22. Bd3 Rce8 23. Kf1 b5 24. Rxe7 Rxe7 25. Re1 Rxe1+ 26. Kxe1 a6 27. Ng5 f5
28. Nh3 bxc4 29. bxc4 Kf6 30. f4 a5 31. Kd2 h6 32. Kc3 Ba6 33. Nf2 Bc8 34. Bc2
Bd7 35. Kd2 Na8 36. Nd3 Nb6 37. Nb2 Bc8 38. g3 Ba6 39. Bd3 g5 40. Ke3 Bc8 41.
Bc2 Bd7 42. Kf3 Be8 43. Ke3 Bh5 44. Bd3 Bf7 45. Kf3 Be8 46. Bc2 Nc8 47. Na4 Bh5+
48. Ke3 Bg4 49. Nb2 Nb6 50. Bd3 Bh3 51. Be2 Bg2 52. Bf3 Bf1 53. Be2 gxf4+ 54.
gxf4 Bh3 55. Kf2 Bg4 56. Bf3 Bxf3 57. Kxf3 Kg6 58. Kg3 Kh5 59. h3 Nd7 60. Na4
Nf6 61. Nc3 Ne4+ 62. Nxe4 fxe4 63. Kf2 Kg6 64. Ke3 Kf5 65. a4 h5 66. h4 Kg4 67.
Kxe4 Kxh4 68. Kf3 1-0

[Event "Portugal Open 2018"]
[Site "Lisboa POR"]
[Date "2018.02.03"]
[Round "2.78"]
[White "Fidalgo, Daniel"]
[Black "Alves, Fernando"]
[Result "1-0"]
[WhiteElo "1966"]
[BlackElo "1701"]
[WhiteFideId "1934279"]
[BlackFideId "1905678"]
[WhiteCountry "POR"]
[BlackCountry "POR"]
[PlyCount "65"]
[EventDate "2018.??.??"]

1. c4 Nf6 2. g3 g6 3. Bg2 Bg7 4. Nc3 O-O 5. Nf3 d6 6. O-O c5 7. d3 Nc6 8. e4 Bg4
9. h3 Bd7 10. Be3 a6 11. Nh4 Rb8 12. Rc1 b5 13. b3 Qa5 14. Bd2 b4 15. Ne2 e5 16.
Rc2 Nd4 17. Nxd4 cxd4 18. f4 Qc5 19. f5 Qc8 20. g4 Qd8 21. Qe1 a5 22. g5 Nh5 23.
f6 Nxf6 24. gxf6 Bxf6 25. Nf3 g5 26. Qg3 h6 27. Bc1 Kh7 28. Rcf2 Be6 29. Nxd4
Bg7 30. Nc6 Qc7 31. Nxb8 Qxb8 32. Be3 Qc7 33. Bf3 1-0